000 00730nam a2200241Ia 4500
003 OSt
005 20220925221928.0
006 a|||||r|||| 00| 0
007 ta
008 220923b |||||||| |||| 00| 0 eng d
037 _cGeneral Book
040 _aRTL
_cRTL
_beng
041 _2eng
_aeng
082 _aX61.3.N6, K4
100 _aMcMohan Christopher
_919489
245 0 _aSterling in the sixties
260 _aLondon
_bOxford university Press
_c1964
300 _avi,118p.
_ccm.
500 _aRoyal Institute of International Affairs; Chatham House Essays
650 _aEconomics-Money-Great Britain
_9248266
942 _hX61.3.N6, K4
_cGB
_2CC
999 _c575630
_d575630